Score 0/8 Timer 05:00
0 Plays Today
% Correct
Pria
80.4%
Sandeep
76.5%
Anoop
74.5%
Poonam
70.6%
Gheet
70.6%
Sashi
68.6%
Uma
68.6%
Nabendu
64.7%

You're not logged in!

Compare scores with friends on all Sporcle quizzes.
OR
Log In

Sporcle TV

Today on Sporcle TV


Watch our educational content, quiz creation guides, and fun videos on Sporcle TV.

Show Comments

Extras

Created Jan 23, 2013SourceReportNominate
Tags:Clickable Quiz

Top Quizzes Today


Score Distribution

Paid Content

Your Account Isn't Verified!

In order to create a playlist on Sporcle, you need to verify the email address you used during registration. Go to your Sporcle Settings to finish the process.

Report this User

Report this user for behavior that violates our Community Guidelines.

Details: